Регионална библиотека "Любен Каравелов" - Русе

The Painted Page (Запис номер 49911)

MARC детайли
000 -Лидер
Контролно поле с фиксирана дължина 01006nam a2200289 a 4500
003 - Код на организацията, давaща контролен номер
Контролно поле BLK
005 - Дата и час на последна редакция
Контролно поле 20240516101450.0
008 - Елементи от данни с фиксирана дължина
fixed length control field 180408b bul|||||r ||||||| ||bul||
010 ## - Наследен системен номер
LC control number KNG00053772000
020 ## - Международен стандартен номер на книга ISBN
Международен стандартен номер на книга ISBN 3-7913-1385-1
040 ## - Източник на каталожния запис
Идентификатор на билиотеката - собственик на записа BLK
041 ## - Код за език
Код за езика на текст/звукозапис или на отделно заглавие Немски
Код за езика КДБФ Английски
080 ## - УДК
Текстов определител УДК Живопис върху миниатюри. Илюстрации на книги
УДК код - определител по УДК 75.056
УДК определител .034(450)(084)
УДК - код + определител 75.056.034(450)(084)
139 ## - Редно поле
Редна дума The Painted Page
Авторски знак Пеи - П 33
245 10 - Сведения за заглавието
Заглавие The Painted Page
Подзаглавни данни Italian Renaissance Book Illumination: 1450 - 1550
Редно поле (дума) ed. by J. G. Alexander.
257 ## - Страна на издаване
Страна на създаване/издаване Германия
260 ## - Област на издателските данни
Име на издателя, разпространителя и проч. Prestel
Година на издаване 1994
300 ## - Физическа характеристика
Страници 274 c
Илюстрации и др. с ил.
Размери/Мащаб 31 cm
380 ## - Жанр
Жанр Изкуство
650 #4 - Допълнително описание по предмет – тема
Основно описание – тема или топоним Илюстрация, книжна - Италия - Ренесанс
9 (RLIN) 282912
653 ## - Ключова дума – ненормативна
Ключова дума Ренесанс
653 ## - Ключова дума – ненормативна
Ключова дума книжна илюстрация
700 1# - Други автори (авторска отговорност)
Лично име Alexander, J. G.
Автороска отговорност (Описва отношението между автора и произведението) ed. by
9 (RLIN) 282911
852 ## - Местоположение
Фондова буква Отдел Изкуство - подръчен фонд
Систематично-азбучна сигнатура 75/П 33
942 ## - АРТИКУЛИ
Вид на библиотечния материал Книги
Скрит в OPAC Не
944 ## - СЪЗДАВАНЕ И РЕДАКЦИЯ на ЗАПИСА
Създаване/Редакция Създаване
Дата на регистрацията/редакция 01.01.1999
Служител, извършил регистрацията/редакцията 30540
Статус, дата на статуса Севдалина Тодорова
999 ## - СИСТЕМНИ КОНТРОЛНИ НОМЕРА
Koha biblionumber 49911
Koha biblioitemnumber 49911
Наличности
Код за отписване Код за изгубен артикул Източник на класификационната схема Код за повреда Коз за рестрикции Код за отдаване Артикулен № Име на библиотеката - собственик Име на библиотеката, в която се намира в момента Статус (Текущо местоположение) Дата на вписване в системата Местоположение - отдел Цена в лева Инвентарен номер Систематично азбучна сигнатура Баркод Номер на екземпляра Цена в евро Служебна бележка Служебен тип на артикула
  Не е изгубен Universal Decimal Classification Не е повреден без рестрикции заемане за дома 78009 Регионална библиотека "Любен Каравелов" Русе Регионална библиотека "Любен Каравелов" Русе Отдел Изкуство - подръчен фонд 2002-01-01 Отдел Изкуство - подръчен фонд 50.00 120000907264 75/П 33 120000907264 1 25.56 Дост: Da Книги
Vip Innovations Ltd, Rousse, Bulgaria 2025